DECISION MAKING: (Record no. 1112)

000 -LEADER
fixed length control field 00308nam a22000977a 4500
008 - FIXED-LENGTH DATA ELEMENTS--GENERAL INFORMATION
fixed length control field 150826b xxu||||| |||| 00| 0 eng d
020 ## - INTERNATIONAL STANDARD BOOK NUMBER
International Standard Book Number 0521368510
082 ## -
Classification number 658.403 DEC
245 ## - TITLE STATEMENT
Title DECISION MAKING:
Remainder of title DESCRIPTIVE, NORMATIVE, AND PRESCRIPTIVE INTERACTIONS
260 ## - PUBLICATION, DISTRIBUTION, ETC. (IMPRINT)
Place of publication, distribution, etc. NEW YORK
Name of publisher, distributor, etc. CAMBRIDGE UNIVERSITY PRESS
Date of publication, distribution, etc. 1988
Holdings
Withdrawn status Lost status Source of classification or shelving scheme Damaged status Koha normalized classification for sorting Not for loan Home library Current library Shelving location Date acquired Total Checkouts Full call number Date last seen Price effective from Koha item type
        658_403000000000000_DEC   Dodoma Dodoma Ground Floor 26/08/2015   658.403 DEC 29/07/2019 26/08/2015 BOOKS

IRDP © 2019 :: Managed by IRDP ICT Unit